| 000 | 00561nam a2200169 i 4500 | ||
|---|---|---|---|
| 001 | bgj | ||
| 245 | 0 | 0 |
_aLanguage Teaching Methods : _bteacher's handbook for the video series / _cby Diane Larsen-Freeman. |
| 260 |
_aWashington : _bUnited States Departament of State, _c1990. |
||
| 300 |
_a145 pp ; _c28 cm. |
||
| 650 | 9 |
_aLanguage and languages _xStudy and teaching _xForeign speakers |
|
| 650 | 9 |
_aMethodology _xGeneral theory |
|
| 700 | 1 | _aLARSEN-FREEMAN, Diane | |
| 040 | _cBPK | ||
| 041 | 0 | _aeng | |
| 942 | _cKS | ||
| 008 | s uk f |000 0 eng | ||
| 999 |
_c49133 _d49133 |
||